<?xml version="1.0" encoding="UTF-8"?>
<record
    xmlns:xsi="http://www.w3.org/2001/XMLSchema-instance"
    xsi:schemaLocation="http://www.loc.gov/MARC21/slim http://www.loc.gov/standards/marcxml/schema/MARC21slim.xsd"
    xmlns="http://www.loc.gov/MARC21/slim">

  <leader>01100nam a2200301 a 4500</leader>
  <controlfield tag="001">BRL_1525</controlfield>
  <controlfield tag="005">20190320211240.0</controlfield>
  <controlfield tag="008">170214s1979----mx-ao#####---#000-0#spa-#</controlfield>
  <datafield tag="041" ind1=" " ind2=" ">
    <subfield code="a">spa</subfield>
  </datafield>
  <datafield tag="044" ind1=" " ind2=" ">
    <subfield code="a">mx</subfield>
  </datafield>
  <datafield tag="050" ind1=" " ind2="4">
    <subfield code="a">F1391</subfield>
    <subfield code="b">.B59 1979</subfield>
  </datafield>
  <datafield tag="100" ind1="1" ind2=" ">
    <subfield code="a">Blom, Gertrude Duby</subfield>
    <subfield code="c">1901-1993</subfield>
    <subfield code="9">26563</subfield>
  </datafield>
  <datafield tag="245" ind1="1" ind2="0">
    <subfield code="a">La familia de Na-Bolom</subfield>
    <subfield code="c">por Gertrude Duby Blom.</subfield>
  </datafield>
  <datafield tag="260" ind1=" " ind2=" ">
    <subfield code="a">Monterrey, M&#xE9;xico</subfield>
    <subfield code="b">Fondo Nacional para Actividades Sociales : Gobierno del Estado de Nuevo Le&#xF3;n</subfield>
    <subfield code="c">1979</subfield>
  </datafield>
  <datafield tag="300" ind1=" " ind2=" ">
    <subfield code="a">v.</subfield>
    <subfield code="b">il.</subfield>
    <subfield code="c">21 cm.</subfield>
  </datafield>
  <datafield tag="440" ind1=" " ind2="0">
    <subfield code="a">Cuadernos de Asuntos Culturales. Serie antropolog&#xED;a</subfield>
    <subfield code="v">1</subfield>
    <subfield code="9">27170</subfield>
  </datafield>
  <datafield tag="500" ind1=" " ind2=" ">
    <subfield code="a">Au1695</subfield>
  </datafield>
  <datafield tag="500" ind1=" " ind2=" ">
    <subfield code="a">Incluye dedicatoria a Ruth Lechuga</subfield>
  </datafield>
  <datafield tag="610" ind1="2" ind2="4">
    <subfield code="a">Na-Bolom</subfield>
    <subfield code="9">27171</subfield>
  </datafield>
  <datafield tag="650" ind1="1" ind2="4">
    <subfield code="a">Ind&#xED;genas del Sur de M&#xE9;xico</subfield>
    <subfield code="9">27172</subfield>
  </datafield>
  <datafield tag="650" ind1="1" ind2="4">
    <subfield code="a">Tzotziles</subfield>
    <subfield code="9">10531</subfield>
  </datafield>
  <datafield tag="650" ind1="1" ind2="4">
    <subfield code="a">Lacandones</subfield>
    <subfield code="9">23920</subfield>
  </datafield>
  <datafield tag="651" ind1=" " ind2="4">
    <subfield code="a">San Crist&#xF3;bal de Las Casas (Chiapas)</subfield>
    <subfield code="x">Condiciones sociales</subfield>
    <subfield code="9">27173</subfield>
  </datafield>
  <datafield tag="651" ind1=" " ind2="4">
    <subfield code="a">Selva Lacandona (M&#xE9;xico)</subfield>
    <subfield code="x">Exploraciones</subfield>
    <subfield code="9">27174</subfield>
  </datafield>
  <datafield tag="710" ind1="2" ind2=" ">
    <subfield code="a">Gobierno del Estado de Nuevo Le&#xF3;n</subfield>
    <subfield code="b">Secretaria de Servicios Sociales y Culturales</subfield>
    <subfield code="9">27175</subfield>
  </datafield>
  <datafield tag="902" ind1=" " ind2=" ">
    <subfield code="a">GRL</subfield>
  </datafield>
  <datafield tag="942" ind1=" " ind2=" ">
    <subfield code="2">lcc</subfield>
    <subfield code="c">B</subfield>
  </datafield>
  <datafield tag="999" ind1=" " ind2=" ">
    <subfield code="c">10334</subfield>
    <subfield code="d">10334</subfield>
  </datafield>
  <datafield tag="952" ind1=" " ind2=" ">
    <subfield code="0">0</subfield>
    <subfield code="1">0</subfield>
    <subfield code="4">0</subfield>
    <subfield code="7">0</subfield>
    <subfield code="a">BRL</subfield>
    <subfield code="b">BRL</subfield>
    <subfield code="d">2014-02-17</subfield>
    <subfield code="i">Au1695</subfield>
    <subfield code="l">0</subfield>
    <subfield code="o">F1391 .B59 1979 (Au1695)</subfield>
    <subfield code="p">GRL01684</subfield>
    <subfield code="r">2019-03-22 00:00:00</subfield>
    <subfield code="w">2019-03-22</subfield>
    <subfield code="y">B</subfield>
  </datafield>
</record>
